000 00909nam a2200265 i 4500
003 DO-SdBNP
005 20250113092107.0
007 ta
008 250113b2006 dr ||||| |||| 00| 0 spa d
020 _a9945853619
040 _aDO-SdBNP
_bspa
_cBNPHU
_erda
082 4 _222
_axxx
_bM313c
100 _aMarcallé Abreu, Roberto,
_eautor
_4aut.
_9862
245 1 0 _aContrariedades y tribulaciones en la mezquita existencia del señor Manfredo Pemberton /
_cRoberto Marcallé Abreu ; corrección, Tomás Castro Burdiez
264 4 _aSanto Domingo :
_bEditora MC,
_c2006.
300 _avolumen ;
_c21 cm.
336 _atexto
_btxt
_2rdacontent
337 _asin mediación
_bn
_2sin mediación
338 _avolumen
_bnc
_2rdacarrier
586 _aPremio Educarte 2006.
590 _aInventariado, 2025/BT
700 1 _4corr.
_aCastro Burdiez, Tomás,
_ecorrector
_985152
910 _aBtavárez
942 _2ddc
_cLBS1
999 _c58028
_d58028